Sociology: (Record no. 7)

MARC details
000 -LEADER
fixed length control field 00564nam a22001937a 4500
003 - CONTROL NUMBER IDENTIFIER
control field OSt
005 - DATE AND TIME OF LATEST TRANSACTION
control field 20230503054326.0
008 - FIXED-LENGTH DATA ELEMENTS--GENERAL INFORMATION
fixed length control field 230502b |||||||| |||| 00| 0 eng d
020 ## - INTERNATIONAL STANDARD BOOK NUMBER
International Standard Book Number 9718558454
040 ## - CATALOGING SOURCE
Transcribing agency DDC
082 ## - DEWEY DECIMAL CLASSIFICATION NUMBER
Classification number 301
Item number P195s 2004
100 ## - MAIN ENTRY--PERSONAL NAME
Personal name Panopio, Isabel and Raymundo, Adelisa.--
245 ## - TITLE STATEMENT
Title Sociology:
Remainder of title focus on the Philippines/
Statement of responsibility, etc. Isabel Panopio and Adelisa Raymundo.--
250 ## - EDITION STATEMENT
Edition statement fourth edition.--
300 ## - PHYSICAL DESCRIPTION
Extent ii, 477 pages:
Other physical details illustration;
Dimensions 23 cm.
521 ## - TARGET AUDIENCE NOTE
Target audience note Psychology.
650 ## - SUBJECT ADDED ENTRY--TOPICAL TERM
Topical term or geographic name entry element Philippines social conditions
942 ## - ADDED ENTRY ELEMENTS (KOHA)
Source of classification or shelving scheme Dewey Decimal Classification
Koha item type Periodical
Suppress in OPAC No
Holdings
Withdrawn status Lost status Source of classification or shelving scheme Damaged status Not for loan Home library Current library Date acquired Total Checkouts Full call number Barcode Date last seen Price effective from Koha item type
    Dewey Decimal Classification     College Library College Library 05/02/2023   Fil. 301 P195s c2004 CL035892 05/02/2023 05/02/2023 BK